К проблеме расчёта силовых элементов DC-DC-конвертора электромагнитного вибропривода; Электроэнергия: от получения и распределения до эффективного использования

Xehetasun bibliografikoak
Parent link:Электроэнергия: от получения и распределения до эффективного использования.— 2008.— С. 235-237
Egile nagusia: Глазырин А. С. Александр Савельевич
Beste egile batzuk: Цурпал С. В.
Hizkuntza:errusiera
Argitaratua: 2008
Gaiak:
Formatua: Liburu kapitulua
KOHA link:https://koha.lib.tpu.ru/cgi-bin/koha/opac-detail.pl?biblionumber=147691

MARC

LEADER 00000naa2a2200000 4500
001 147691
005 20240403064830.0
035 |a (RuTPU)RU\TPU\book\160079 
090 |a 147691 
100 |a 20081119d2008 k y0rusy50 ca 
101 0 |a rus 
102 |a RU 
200 1 |a К проблеме расчёта силовых элементов DC-DC-конвертора электромагнитного вибропривода  |f А. С. Глазырин, С. В. Цурпал 
320 |a Библиогр.: 2 назв. 
463 0 |0 (RuTPU)RU\TPU\book\153908  |y 5-98298-208-3  |t Электроэнергия: от получения и распределения до эффективного использования  |o материалы Всероссийской научно-технической конференции, 12-14 мая 2008 г., Томск  |f Томский политехнический университет  |v С. 235-237  |d 2008  |p 276 с. 
610 1 |a конвертеры 
610 1 |a виброприводы 
610 1 |a электромагнитные виброприводы 
610 1 |a силовые элементы 
610 1 |a стабилизация 
610 1 |a напряжение 
610 1 |a труды учёных ТПУ 
700 1 |a Глазырин  |b А. С.  |c специалист в области электротехники  |c профессор Томского политехнического университета, доктор технических наук  |f 1978-  |g Александр Савельевич  |y Томск  |3 (RuTPU)RU\TPU\pers\26445  |9 12148 
701 1 |a Цурпал  |b С. В. 
801 1 |a RU  |b 63413507  |c 20081119  |g PSBO 
801 2 |a RU  |b 63413507  |c 20150925  |g RCR 
942 |c BK